K novej orientácii nezávislých odborov

Bibliographic Details
Main Author: Košíková, Mária (Author)
Format: Article
Language:Slovak
Subjects:

MARC

LEADER 00000nab a2200000 a 4500
001 vtls000372080
003 SK-MaSNL
005 20260302223457.0
008 111202c1990 xo 0 slo
015 |a SNBRB19rr/mm-uuuuu 
035 |a CL0372202 
040 |a SNKBUCL  |b slo  |c SNKBUCL  |e AACR2 
041 0 |a slo 
044 |a xo  |c SK 
080 |a 331.88(437.6):374.7  |2 1981 
080 |a 374.7  |2 1981 
080 |a 331.88  |2 1981 
100 1 |a Košíková, Mária  |4 aut  |9 953211 
245 1 0 |a K novej orientácii nezávislých odborov  |c Mária Košíková 
650 0 7 |a Nezávislé slovenské odbory  |2 snkbucl  |9 953207 
650 0 7 |a vzdelávanie funkcionárov  |2 snkbucl  |9 953212 
655 7 |a články z novín a časopisov  |2 snkbucl  |9 267496 
773 0 |t Odborár  |g Roč. 44, č. 3 (1990), s. 4 
850 |a Slovenská národná knižnica v Martine  |a MTA001 
852 |a SNK  |b KIS3GCP 
958 |a RK 
992 |a RBX 
999 |c 1520522  |d 1522452